| 000 | 00768 a2200241 4500 | ||
|---|---|---|---|
| 260 | _aParis | ||
| 630 | _a62 - Ingenierie. Art de lingenieur. Technologie en general | ||
| 037 | _b1, WVSC | ||
| 650 | _a6 - SCIENCES APPLIQUEES | ||
| 100 | _aMcCue, Camille | ||
| 260 | _bEd. First Interactive | ||
| 245 | _aBien utiliser les outils de recherche du Web | ||
| 300 | _a122 p. | ||
| 650 | _aInternet : recherche : guide | ||
| 260 | _c2000 | ||
| 300 | _b21cm | ||
| 100 | _lFr | ||
| 440 | _aFlash N. l'essentiel pour s'en sortir | ||
| 037 | _aL 15183 | ||
| 020 | _a2-84427-199-5 | ||
| 999 |
_c42170 _d42170 |
||